Definisjoner: 1.7, 1.8 & 1.9 Personale, Signalanlegg & Linjen - Statistics

General Stats
  • This quiz has been taken 9 times
  • The average score is 20 of 24
Answer Stats
Hint Answer % Correct
Den del av signalanlegget på strekning med fjernstyring som overvåker togets hastighet og aktiverer togets bremser dersom hastigheten overstiges. ATC kan være FATC eller DATC. ATC
100%
Banestrekning med to hovedspor mellom stasjonene. Dobbeltsporet strekning
100%
Den som er ansvarlig for framføringen av toget. Fører
100%
Sted på linjen hvor tog kan stoppe for av- og påstigning. Holdeplass
100%
Spor på linjen som forbinder to stasjoner med hverandre, og som er beregnet for kjøring av tog. Hovedspor
100%
Høyre spor på dobbeltsporet strekning sett i forhold til togets kjøreretning fastlagt i ruten. Høyre hovedspor
100%
Den som har ansvaret for passasjerenes sikkerhet om bord i toget og ved av- og påstigning. Ombordansvarlig
100%
Del av signalanlegget som registrerer ras og viser signal til tog, eller som på strekning med ERTMS kontrolleres gjennom kjøretillatelse fra systemet og er markert med signal E38A «...». Rasvarslingsanlegg
100%
Alle andre spor på linjen enn hovedspor og som er beregnet på skifting. Sidespor
100%
Den som overvåker og sikrer togframføringen og annen virksomhet på egen stasjon og eventuelt tilstøtende strekning med togmelding. Togekspeditør
100%
Den som overvåker og leder togframføringen og annen virksomhet som har betydning for trafikksikkerheten. Togleder
100%
Sted som har betjenings- og kommunikasjonsutstyr, samt indikeringer for en eller flere strekninger med fjernstyring og eventuelt strekninger med ERTMS, og som eventuelt også driver overordnet trafikkstyring for strekning med togmelding. Trafikkstyringssentral
100%
Del av signalanlegget som viser signal 56A «Planovergangen kan passeres» mot tog og skift når planovergangen er sperret for veitrafikk, eller som på strekning med ERTMS tillater tog å kjøre forbi planovergangen når den er sperret for veitrafikk. Veisikringsanlegg
100%
Venstre spor på dobbeltsporet strekning sett i forhold til togets kjøreretning fastlagt i ruten. Venstre hovedspor
100%
Strekning som er avgrenset av to nabostasjoner, to naboblokkposter eller en stasjon og en naboblokkpost på strekning med fjernstyring og strekning med ERTMS. På strekning med togmelding er ... avgrenset av de to nærmeste betjente stasjonene. Blokkstrekning
83%
Banestrekningen mellom to stasjoner. På strekning med togmelding er ubetjent stasjon en del av ... Linjen
83%
Banestrekning med ett hovedspor mellom stasjonene. Enkeltsporet strekning
67%
Teknisk system som muliggjør styring og overvåkning av sporveksler og signaler, samt overvåking av togs posisjon for fjernstyrte stasjoner og/eller strekninger fra bestemt sted. Fjernstyringsanlegg
67%
Den delen av signalanlegget som på strekning med fjernstyring sikrer at det bare kan vises kjørsignal til en blokkstrekning for ett tog om gangen. ... kan være integrert i sikringsanlegget. Linjeblokk
67%
... er den delen av signalanlegget som sikrer kjøring av tog og skift, og som sikrer at det bare kan vises kjørsignal til en togvei for ett tog om gangen. ... registrerer om det er kontroll på sporvekslene, om det er kjøretøy i sporet og i sikringssonene for tog i motsatt kjøreretning m.m. ... registrerer ikke om det er kjøretøy på blokkstrekningen på strekning med togmelding. Sikringsanlegg
67%
Betjeningsapparat for sikringsanlegg. Stillerapparat
67%
Sted på linjen som utgjør skillet mellom to blokkstrekninger. Blokkpost
50%
Forenklet sikringsanlegg som sikrer at det kun stilles innkjørsignal for ett tog om gangen. Anlegget registrerer ikke om det er kjøretøy i sporet. Enkelt innkjørsignal
33%
Tekniske anlegg som blant annet kan inkludere sikringsanlegg, linjeblokk, fjernstyringsanlegg og ATC/ETCS. Signalanlegg
33%
No matching quizzes found
Score Distribution
Percent of People with Each Score
Percentile by Number Answered
Your Score History
You have not taken this quiz